Campeonato AAA Reina de Reinas - Estadísticas

Estadísticas generales
  • Esta prueba ha sido intentada 7 veces
  • La puntuación promedio es 7 de 16
Estadísticas de respuestas
Reina el Título Última Victoria Campeón % Correcto
3 2018 Faby Apache
100%
3 2017 Sexy Star
100%
1 2010 Mari Apache
80%
2 2004 Lady Apache
60%
2 2018 Lady Shani
60%
3 2019 Taya
60%
1 2019 Keyra
40%
1 2002 Martha Villalobos
40%
1 2019 Tessa Blanchard
40%
1 2017 Ayako Hamada
20%
2 2002 Esther Moreno
20%
1 2006 Miss Janeth
20%
1 2011 Pimpinela Escarlata
20%
1 2000 Rossy Moreno
20%
3 2007 Tiffany
20%
1 1999 Xóchitl Hamada
20%
No se encontraron pruebas coincidentes
Distribución de puntuación
Porcentaje de gente con cada puntuación
Porcentaje por número respondido
Historial de tus puntuaciones
No has intentado esta prueba.